Проектирование и эксплуатация газонефтепроводов, нефтебаз, газохранилищ (21.03.01): электронный курс
| Autor Principal: | |
|---|---|
| Autor Corporativo: | |
| Summary: | Заглавие с экрана Курс «Проектирование и эксплуатация газонефтепроводов, нефтебаз, газохранилищ» предназначен для обучения по направлению подготовки 21.03.01 «Нефтегазовое дело». Курс посвящен проектированию и эксплуатации магистральных трубопроводов для перекачки и хранению нефти и газа. В нем подробно рассматриваются вопросы правильного выбора рациональных способов транспортирования нефти и газа; проведения технологических расчетов магистральных нефтепроводов и газопроводов; соблюдения нормативных требований при проектировании объектов газонефтепроводной системы; технологии эксплуатации магистральных трубопроводов и хранилищ. Курс также рассматривает другие современные проблемы трубопроводного транспорта нефти и нефтепродуктов, включая проблемы промышленной и экологической безопасности Интерактивный мультимедиа ресурс AM_Login_TPU |
| Idioma: | ruso |
| Publicado: |
Томск, TPU Moodle, 2025
|
| Subjects: | |
| Acceso en liña: | https://design.lms.tpu.ru/course/view.php?id=5158 |
| Formato: | Electrónico Libro |
| KOHA link: | https://koha.lib.tpu.ru/cgi-bin/koha/opac-detail.pl?biblionumber=679943 |
MARC
| LEADER | 00000nlm0a2200000 4500 | ||
|---|---|---|---|
| 001 | 679943 | ||
| 005 | 20250425115949.0 | ||
| 090 | |a 679943 | ||
| 100 | |a 20250425d2025 m||y0rusy50 ca | ||
| 101 | 0 | |a rus | |
| 102 | |a RU | ||
| 105 | |a a j 000yy | ||
| 135 | |a jrcn ---uucaa | ||
| 181 | 0 | |a i |b e | |
| 182 | 0 | |a b | |
| 183 | 0 | |a cr |2 RDAcarrier | |
| 200 | 1 | |a Проектирование и эксплуатация газонефтепроводов, нефтебаз, газохранилищ (21.03.01) |e электронный курс |f А. Л. Саруев |g Национальный исследовательский Томский политехнический университет, Отделение нефтегазового дела | |
| 203 | |a Текст |c электронный |b визуальный | ||
| 210 | |a Томск |c TPU Moodle |d 2025 | ||
| 283 | |a online_resource |2 RDAcarrier | ||
| 300 | |a Заглавие с экрана | ||
| 330 | |a Курс «Проектирование и эксплуатация газонефтепроводов, нефтебаз, газохранилищ» предназначен для обучения по направлению подготовки 21.03.01 «Нефтегазовое дело». Курс посвящен проектированию и эксплуатации магистральных трубопроводов для перекачки и хранению нефти и газа. В нем подробно рассматриваются вопросы правильного выбора рациональных способов транспортирования нефти и газа; проведения технологических расчетов магистральных нефтепроводов и газопроводов; соблюдения нормативных требований при проектировании объектов газонефтепроводной системы; технологии эксплуатации магистральных трубопроводов и хранилищ. Курс также рассматривает другие современные проблемы трубопроводного транспорта нефти и нефтепродуктов, включая проблемы промышленной и экологической безопасности | ||
| 336 | |a Интерактивный мультимедиа ресурс | ||
| 371 | 0 | |a AM_Login_TPU | |
| 606 | |a Трубопроводный транспорт нефти и газа |x Горное дело |9 78897 | ||
| 610 | 1 | |a электронный ресурс | |
| 610 | 1 | |a труды учёных ТПУ | |
| 610 | 1 | |a электронное обучение | |
| 610 | 1 | |a кампусные онлайн-курсы | |
| 610 | 1 | |a дистанционное образование | |
| 610 | 1 | |a дистанционное обучение | |
| 610 | 1 | |a e-learning | |
| 610 | 1 | |a Moodle | |
| 610 | 1 | |a магистральные газонефтепроводы | |
| 610 | 1 | |a гидравлические расчеты | |
| 610 | 1 | |a перекачка | |
| 610 | 1 | |a вынос | |
| 610 | 1 | |a резервуары | |
| 610 | 1 | |a подземные хранилища | |
| 675 | |a 622.69(075.8) |v 4 | ||
| 700 | 1 | |a Саруев |b А. Л. |c специалист в области нефтегазового дела |c доцент Томского политехнического университета, кандидат технических наук |f 1974- |g Алексей Львович |9 11975 | |
| 712 | 0 | 2 | |a Национальный исследовательский Томский политехнический университет |b Инженерная школа природных ресурсов |b Отделение нефтегазового дела |4 570 |9 28343 |
| 801 | 0 | |a RU |b 63413507 |c 20250425 |g RCR | |
| 850 | |a 63413507 | ||
| 856 | 4 | |u https://design.lms.tpu.ru/course/view.php?id=5158 |z https://design.lms.tpu.ru/course/view.php?id=5158 | |
| 942 | |c CF | ||